Anagram Pairs - Geography - Statistics

General Stats
  • This quiz has been taken 20,502 times
  • The average score is 15 of 24
Answer Stats
Hint Answer % Correct
Capital of Japan Tokyo
97%
Peruvian capital Lima
94%
Former capital of Japan Kyoto
93%
West African country Mali
92%
Canadian Province: ____ Scotia Nova
92%
Republic of Ireland in Irish Éire
89%
American Great Lake Erie
89%
South American mountain range Andes
88%
Shakespeare's Stratford-upon-____ Avon
88%
Southwest Irish city Cork
79%
Uluru's other name: Ayers ____ Rock
79%
Arabian Peninsula nation Oman
76%
Turkish currency Lira
74%
French commune (or car type) Sedan
64%
Iranian currency Rial
63%
Puerto Rico's third largest island Mona
58%
Gulf named after Yemeni city Aden
44%
Highest of Iran's Zagros Mountains Dena
35%
Region of Spain: Castile and ____ León
35%
Always Xmas on this Canadian Mount? Noel
33%
Nigeria's second largest city Kano
32%
Senegal city planned by US singer Akon
24%
Third largest city in Afghanistan Herat
13%
Classic Greek name of Santorini Thera
12%
No matching quizzes found
Score Distribution
Percent of People with Each Score
Percentile by Number Answered
Your Score History
You have not taken this quiz